Szczegóły MARC21

Sportowe wakacje : poradnik dla organizatora wypoczynku wakacyjnego dzieci i młodzieży /

003 -Nazwa inst., której nr kontr. jest w polu 001 [,]
    • @
    • Nazwa instytucji, której n kontrolny jest w polu 001
    • NUKAT
005 -DATA I CZAS OSTATNIEJ MODYFIKACJI [,]
    • @
    • pole kontrolne
    • 20241231104833.0
020 -Międzynarod. znormalizowany nr książki - ISBN [ , ]
    • a
    • Numer ISBN
    • 8386504285 Find
040 -Instytucja sporządzająca opis [ , ]
    • a
    • Instytucja, która sporządziła opis (NP)
    • GD 88/JR
    • c
    • Instytucja, która sporządziła rekord (NP)
    • GD 88/JR
    • d
    • Instytucja, która zmodyfikowała rekord (P)
    • GD 88/JR
942 -Rodzaj dokumentu [ , ]
    • c
    • Rodzaj dokumentu
    • Książka
245 -Strefa tytułu i oznaczenia odpowiedzialności [0,0]
    • a
    • Tytuł
    • Sportowe wakacje : Find
    • b
    • Ciąg dalszy tytułu (NP)
    • poradnik dla organizatora wypoczynku wakacyjnego dzieci i młodzieży / Find
    • c
    • Pozostałe elementy strefy tytułu i oznaczenia odpowiedzialności (NP)
    • pod red. Tadeusza Łobożewicza ; Centralny Ośrodek Sportu, Resortowe Centrum Metodyczno-Szkoleniowe Kultury Fizycznej i Sportu.
260 -Strefa adresu wydawniczego [ , ]
    • a
    • Miejsce wydania (P)
    • Warszawa :
    • b
    • Nazwa wydawcy (P)
    • Centralny Ośrodek Sportu,
    • c
    • Data wydania (P)
    • 1996.
300 -Strefa opisu fizycznego [ , ]
    • a
    • Określenie formy książki i/lub objętość (NP)
    • 171, [1] s. :
    • b
    • Oznaczenie ilustracji (NP)
    • rys. ;
    • c
    • Format (NP)
    • 24 cm.
336 -Typ zawartości [ , ]
    • a
    • Termin opisujący typ zawartości
    • Tekst
    • b
    • Kod określający zawartość
    • txt
    • 2
    • Źródło (terminu i kodu)
    • rdacontent
337 -Typ mediów [ , ]
    • a
    • Tryb odtwarzania
    • Bez urządzenia pośredniczącego
    • b
    • Kod typu mediów
    • n
    • 2
    • Źródło (terminu i kodu)
    • rdamedia
338 -Typ/rodzaj nośnika [ , ]
    • a
    • Hasło opisujące typ nośnika
    • Wolumin
    • b
    • Kod typu nośnika
    • nc
    • 2
    • Źródło (terminu i kodu)
    • rdacarrier
080 -Uniwersalna Klasyfikacja Dziesiętna [ , ]
    • a
    • Symbol klasyfikacji
    • 371.217.3
080 -Uniwersalna Klasyfikacja Dziesiętna [ , ]
    • a
    • Symbol klasyfikacji
    • :372.879.6
080 -Uniwersalna Klasyfikacja Dziesiętna [ , ]
    • a
    • Symbol klasyfikacji
    • :796.1/.5
080 -Uniwersalna Klasyfikacja Dziesiętna [ , ]
    • a
    • Symbol klasyfikacji
    • :797.1
650 -Hasło przedmiotowe [ ,7]
    • a
    • Hasło przedmiotowe
    • Gry na wolnym powietrzu
    • v
    • Określnik formalny
    • poradniki.
    • 2
    • Źródło terminu
    • kaba
    • 9
    • KHW
    • 363521
650 -Hasło przedmiotowe [ ,7]
    • a
    • Hasło przedmiotowe
    • Dzieci
    • x
    • Określnik rzeczowy
    • rekreacja
    • v
    • Określnik formalny
    • poradniki.
    • 2
    • Źródło terminu
    • kaba
    • 9
    • KHW
    • 376304
650 -Hasło przedmiotowe [ ,7]
    • a
    • Hasło przedmiotowe
    • Sport dla dzieci
    • v
    • Określnik formalny
    • poradniki.
    • 2
    • Źródło terminu
    • kaba
    • 9
    • KHW
    • 357880
650 -Hasło przedmiotowe [ ,7]
    • a
    • Hasło przedmiotowe
    • Wakacje szkolne
    • v
    • Określnik formalny
    • poradniki.
    • 2
    • Źródło terminu
    • kaba
    • 9
    • KHW
    • 652158
650 -Hasło przedmiotowe [ ,7]
    • a
    • Hasło przedmiotowe
    • Wakacje szkolne
    • x
    • Określnik rzeczowy
    • prawo
    • z
    • Określnik geograficzny
    • Polska
    • v
    • Określnik formalny
    • poradniki.
    • 2
    • Źródło terminu
    • kaba
    • 9
    • KHW
    • 652159
980 -Symbol UKD [ , ]
    • a
    • UKD
    • 371.217.3:372.879.6:796.1/.5:797.1
700 -Hasło dodatkowe - nazwa osobowa [1, ]
    • a
    • Nazwa osobowa (NP)
    • Łobożewicz, Tadeusz Find
    • d
    • Daty biograficzne (NP)
    • (1935-2002).
    • e
    • Określenie rodzaju współpracy
    • Red.
    • 9
    • KHW
    • 98910
920 -ISBN [ , ]
    • a
    • ISBN
    • 83-86504-28-5 Find
Data inwentaryzacji Status udost. Sygnatura Lokalizacja Numer inwentarzowy
1998-06-101Animator czasu wolnego 02BMWF.5882
1998-06-10-3 BMWF.5881